Normal view
MARC view
- الولايات المتحدة الامريكية-سياسة وحكومة-باراك اوباما- الرئيس الامريكي 1961
Entry Topical Term
001 - CONTROL NUMBER
- control field: 50520
003 - CONTROL NUMBER IDENTIFIER
- control field: JO-AjAnu
005 - DATE AND TIME OF LATEST TRANSACTION
- control field: 20230606082322.0
008 - FIXED-LENGTH DATA ELEMENTS
- fixed length control field: 230606|| aca||aabn | a|a d
040 ## - CATALOGING SOURCE
- Original cataloging agency: JO-AjAnu
- Transcribing agency: JO-AjAnu
150 ## - HEADING--TOPICAL TERM
- Topical term or geographic name entry element: الولايات المتحدة الامريكية-سياسة وحكومة-باراك اوباما- الرئيس الامريكي 1961
670 ## - SOURCE DATA FOUND
- Source citation: Work cat.: (JO-AjAnu)25827: تاليف العنابي، زهر, author 50519, أوباما أو الأمين القادم: أدب ومحطات